Представление документа в формате MARC21

Поле Инд. ПП Название Значение
Тип записи a
Библиографический уровень b
001 Контрольный номер RU/IS/BASE/321547916
005 Дата корректировки 20200526074505.7
008 Кодируемые данные 20100310
040 b Код языка каталог. rus
e Правила каталог. PSBO
041 0_ a Код языка текста rus
084 a Индекс другой классификации/Индекс ББК 60.561.37; 66.4в
100 1_ a Автор Вершинина М. И.
q Полное имя Вершинина Мария Игоревна
245 10 a Заглавие Факторы межгосударственного сотрудничества в контексте основных теоретических парадигм
504 a Библиография Библиогр.: с. 20
520 0_ a Аннотация Автор подробно рассматривает основные факторы межгосударственного сотрудничества и подчеркивает необходимость их комплексного рассмотрения. Данная статья содержит анализ внутренних (политический режим, идиосинкразический фактор и т.д.) и внешних (наличие гегемона, экономической взаимозависимости, общие угрозы; историческая, этническая, культурная общность и т.д.) факторов
650 14 a Основная рубрика международные отношения
a Основная рубрика политика
a Основная рубрика политическая социология
a Основная рубрика социология
653 1_ a Ключевые слова диаспоры
a Ключевые слова межгосударственное сотрудничество
a Ключевые слова социология международных отношений
a Ключевые слова теория международных отношений
a Ключевые слова транснациональные отношения
773 08 t Заглавие источника Вестник Московского университета. Серия 18, Социология и политология
d Дата издания источника 2009
g Прочая информация № 4. - С. 5 - 20
w Контрольный № источника RU/IS/BASE/317399284
901 t Тип документа b